00411cam a22001097a 4500008004000000082001000040245009300050260005100143300000700194999001900201952008100220180718b1958 xxu||||| |||| 00| 0 eng d aNIx42 abritain's contribution to peace and security (report on defence)ccommand of her majesty aLondonbHer Majesty's Statioonery Officec1958 a13 c410500d410500 00104070aIIPAbIIPAd2009-01-19oNIx42p11449r2018-07-21w2018-07-21yBK